| 000 | 00000nas 2200000za 4500 |
| 001 | 9.820713 |
| 003 | CaOODSP |
| 005 | 20250620075248 |
| 007 | cr ||||||||||| |
| 008 | 160708c20169999oncar p os f0 b0fre|d |
| 022 | |a2562-8836|y1925-380X |
| 040 | |aCaOODSP|bfre |
| 043 | |an-cn--- |
| 086 | 1 |aA71-43F-PDF |
| 245 | 00|aAperçu statistique de l'industrie apicole canadienne et contribution économique des services de pollinisation rendus par les abeilles domestiques ... |h[ressource électronique]. |
| 246 | 13|aAperçu statistique de l'industrie apicole canadienne ... |
| 260 | |aOttawa : |bAgriculture et Agroalimentaire Canada, |c2016- |
| 310 | |aAnnuel |
| 362 | 1 |aParaît depuis 2013/2014. |
| 500 | |aPublié aussi en anglais sous le titre : Statistical overview of the Canadian honey and bee industry and the economic contribution of honey bee pollination. |
| 550 | |aRédigé par la Division de l'horticulture et des enjeux pan sectoriels, Agriculture et Agroalimentaire Canada, 2013/2014-2016; par Division des cultures et de l'horticulture, 2017- |
| 692 | 07|2gccst|aApiculture |
| 692 | 07|2gccst|aMiel |
| 692 | 07|2gccst|aStatistiques de l'agriculture |
| 710 | 1 |aCanada. |bAgriculture et agroalimentaire Canada. |bDivision des cultures et de l'horticulture. |
| 710 | 1 |aCanada. |bAgriculture et agroalimentaire Canada. |bDivision de l’horticulture et des enjeux pan sectoriels. |
| 775 | 08|tStatistical overview of the Canadian honey and bee industry and the economic contribution of honey bee pollination ... |w(CaOODSP)9.820704 |
| 780 | 00|tAperçu statistique de l'industrie du miel du Canada |w(CaOODSP)9.813570 |